000 00487 a2200193 4500
005 20260121163711.0
008 260121b |||||||| |||| 00| 0 eng d
020 _a9798898485955
_c$ 155.00
040 _aMAIN
082 _a574.87
_bM317P
100 _aMansfield, Mansfield
245 _aPrinciples of cell biology
260 _bCell Publishing
_c2026
_aWyoming
300 _a185
650 _aCell Biology
650 _aCell Physiology
650 _aStem Cells
942 _cBK
999 _c394102
_d394102